000 00351nam a2200133Ia 4500
008 190216s9999||||xx |||||||||||||| ||und||
100 _aPandit Shasthri
245 0 _aScheme For The Semi - Micro Qualitative Inorganic Analysis
250 _a1st Ed.
260 _bMoohim Publicaion
_c1976
300 _a80
650 _aChemistry-Chemistry
942 _cBK
999 _c2253
_d2253